Statistics for Drum Brand Trivia

Click here to take the quiz!

General Stats

  • This quiz has been taken 12 times
  • The average score is 6 of 11

Answer Stats

DRUM BRANDS% Correct
Pearl
100%
Yamaha
89%
Tama
67%
DW
56%
Ludwig
56%
Gretsch
44%
Mapex
44%
Sonor
44%
PDP
22%
Premier
22%
Rogers
22%

Score Distribution

Percentile by Number Answered

Percent of People with Each Score

Your Score History

You have not taken this quiz